Capitale, plus grande ville, les deux ou aucune des deux ? - Statistiques

Statistiques générales
  • Ce quiz a été pris 738 fois
  • Le résultat moyen est 24 sur 40
Statistiques - réponses
Hint Réponse % Correct
Ankara 1 : Capitale
82%
Washington 1 : Capitale
82%
Brasilia 1 : Capitale
80%
Canberra 1 : Capitale
78%
Istanbul 2 : Plus grande ville
77%
Naples 4 : Aucune des deux
74%
Tokyo 3 : Les deux
72%
Toronto 2 : Plus grande ville
70%
La Havane 3 : Les deux
69%
Osaka 4 : Aucune des deux
68%
Oslo 3 : Les deux
67%
Nairobi 3 : Les deux
67%
Varsovie 3 : Les deux
66%
Alexandrie 4 : Aucune des deux
66%
Pékin 1 : Capitale
63%
Dubaï 2 : Plus grande ville
63%
Bogota 3 : Les deux
63%
Katmandou 3 : Les deux
63%
Wellington 1 : Capitale
62%
Bamako 3 : Les deux
62%
Kano 4 : Aucune des deux
61%
Auckland 2 : Plus grande ville
60%
Madrid 3 : Les deux
60%
Chengdu 4 : Aucune des deux
60%
Guadalajara 4 : Aucune des deux
60%
Munich 4 : Aucune des deux
58%
Phnom Penh 3 : Les deux
55%
Ho Chi Minh Ville 2 : Plus grande ville
51%
Le Cap 1 : Capitale
50%
Johannesburg 2 : Plus grande ville
48%
Hanoi 1 : Capitale
47%
Dar Es-Salaam 2 : Plus grande ville
47%
Naypyidaw 1 : Capitale
44%
Melbourne 2 : Plus grande ville
44%
Genève 4 : Aucune des deux
42%
Lahore 4 : Aucune des deux
41%
Dodoma 1 : Capitale
39%
Rio de Janeiro 4 : Aucune des deux
38%
Belize City 2 : Plus grande ville
31%
Yangon 2 : Plus grande ville
30%
Aucun quiz correspondant
Distribution des résultats
% des personnes avec chaque résultat
Percentile par nombre de réponses
Votre historique - résultats
Vous n’avez pas pris ce quiz